[Event "BL2-West 1415"]
[Site "Germany"]
[Date "2014.10.19"]
[Round "2.6"]
[White "Nazarenus, Moritz"]
[Black "Visschedijk, Theo"]
[Result "1-0"]
[WhiteElo "2242"]
[BlackElo "1843"]
[PlyCount "53"]
[EventDate "2014.09.21"]
[EventType "team-tourn"]
[EventRounds "9"]
[EventCountry "GER"]
[SourceTitle "CBM 166 Extra"]
[Source "ChessBase"]
[SourceDate "2015.06.18"]
[SourceVersion "1"]
[SourceVersionDate "2015.06.18"]
[SourceQuality "1"]
[WhiteTeam "Schoeneck"]
[BlackTeam "Emsdetten Turm II"]
[WhiteTeamCountry "GER"]
[BlackTeamCountry "GER"]

1. d4 d5 2. c4 e6 3. Nc3 Nf6 4. cxd5 exd5 5. Bg5 Be7 6. e3 0-0 7. Qc2 Nbd7 8. Bd3 h6 9. Bf4 c5 10. Nf3 b6 11. 0-0 Bb7 12. h3 Rc8 13. dxc5 Nxc5 14. Bf5 Ne6 15. Rfd1 Rc5 16. Bh2 Bd6 17. Bxd6 Qxd6 18. Qa4 Qc6 19. Qxc6 Bxc6 20. Rac1 Ng5 21. Ne5 Bb7 22. Na4 Rxc1 23. Rxc1 g6 24. Rc7 Ba8 25. Nd7 Nxd7 26. Bxd7 Ne6 27. Rxa7 1-0

[Event "Steinfurt Bezirksliga 1213"]
[Site "Germany"]
[Date "2013.01.12"]
[Round "5.2"]
[White "Boerger, Andreas1111"]
[Black "Visschedijk, Theo"]
[Result "0-1"]
[WhiteElo "1690"]
[BlackElo "1863"]
[PlyCount "26"]
[EventDate "2012.09.22"]
[EventType "team-tourn"]
[EventRounds "9"]
[EventCountry "GER"]
[SourceTitle "EXT 2015"]
[Source "ChessBase"]
[SourceDate "2014.11.20"]
[SourceVersion "1"]
[SourceVersionDate "2014.11.20"]
[SourceQuality "1"]
[WhiteTeam "Reckenfeld"]
[BlackTeam "Emsdetten Turm III"]
[WhiteTeamCountry "GER"]
[BlackTeamCountry "GER"]

1. e4 d6 2. Nf3 e5 3. d4 Nd7 4. Nc3 Ngf6 5. dxe5 dxe5 6. Bg5 c6 7. Qd2 Qc7 8. 0-0-0 Be7 9. Be2 0-0 10. Nh4 Nc5 11. Nf5 Bxf5 12. exf5 Nfe4 13. Nxe4 Nxe4 0-1

[Event "Steinfurt Bezirksliga 1213"]
[Site "Germany"]
[Date "2012.12.22"]
[Round "4.2"]
[White "Visschedijk, Theo"]
[Black "Melcher, Guenter Herbert"]
[Result "1-0"]
[WhiteElo "1863"]
[BlackElo "1663"]
[PlyCount "58"]
[EventDate "2012.09.22"]
[EventType "team-tourn"]
[EventRounds "9"]
[EventCountry "GER"]
[SourceTitle "EXT 2015"]
[Source "ChessBase"]
[SourceDate "2014.11.20"]
[SourceVersion "1"]
[SourceVersionDate "2014.11.20"]
[SourceQuality "1"]
[WhiteTeam "Emsdetten Turm III"]
[BlackTeam "Steinfurt II"]
[WhiteTeamCountry "GER"]
[BlackTeamCountry "GER"]

1. e4 c5 2. c3 d5 3. exd5 Qxd5 4. Nf3 Nc6 5. d4 cxd4 6. cxd4 e6 7. Be2 Bb4+ 8. Nc3 Nf6 9. 0-0 Qd8 10. Qa4 Be7 11. Bb5 Bd7 12. Ne5 Nb8 13. Bg5 Nd5 14. Bxe7 Nxe7 15. Nxd7 Nxd7 16. Ne4 Nc8 17. Rac1 Qe7 18. Rc7 Ncb6 19. Bxd7+ Qxd7 20. Nd6+ Ke7 21. Rxd7+ Nxd7 22. Qa3 Rhb8 23. f4 b5 24. Nxb5+ Kf6 25. Nc7 Rc8 26. Nxa8 Rxa8 27. f5 exf5 28. Qf3 Rf8 29. Qxf5+ Ke7 1-0

[Event "Steinfurt Bezirksliga 0809"]
[Site "Germany"]
[Date "2009.05.09"]
[Round "9.1"]
[White "Visschedijk, Theo"]
[Black "Guennigmann, Stefan"]
[Result "1-0"]
[WhiteElo "1922"]
[BlackElo "1780"]
[PlyCount "91"]
[EventDate "2008.09.27"]
[EventType "team-tourn"]
[EventRounds "9"]
[EventCountry "GER"]
[SourceTitle "EXT 2010"]
[Source "ChessBase"]
[SourceDate "2010.11.25"]
[SourceVersion "1"]
[SourceVersionDate "2010.11.25"]
[SourceQuality "1"]
[WhiteTeam "Emsdetten Turm III"]
[BlackTeam "Saerbeck II"]
[WhiteTeamCountry "GER"]
[BlackTeamCountry "GER"]

1. e4 d5 2. exd5 Nf6 3. Nf3 Nxd5 4. d4 Bg4 5. Be2 e6 6. h3 Bh5 7. 0-0 Bd6 8. Ne5 Bxe2 9. Qxe2 0-0 10. c4 Nb4 11. Rd1 Qe7 12. a3 Bxe5 13. dxe5 N4a6 14. Be3 c5 15. Nc3 Nc6 16. f4 Rfd8 17. Ne4 b6 18. Nd6 Qc7 19. Bf2 Ne7 20. Bh4 Rd7 21. Nb5 Rxd1+ 22. Rxd1 Qb7 23. Nd6 Qc7 24. Qf3 Nc6 25. Nb5 Qb7 26. Rd6 Nab8 27. Qd1 h6 28. Rd3 a6 29. Nd6 Qc7 30. Bf2 Ra7 31. g4 Nd7 32. Qd2 Kf8 33. Kg2 Ke7 34. Qc2 Kf8 35. Rd1 Kg8 36. Qe4 Nf8 37. h4 Ng6 38. Kh3 Nge7 39. Be3 g6 40. Ne8 Qc8 41. Nf6+ Kg7 42. Rd6 a5 43. h5 Rc7 44. Kg3 Ng8 45. Nxg8 Qxg8 46. hxg6 1-0

[Event "Muensterland Verbandsklasse-A 0607"]
[Site "Germany"]
[Date "2007.03.24"]
[Round "7.2"]
[White "Visschedijk, Theo"]
[Black "Stegemann, Norbert"]
[Result "1/2-1/2"]
[WhiteElo "1894"]
[BlackElo "1953"]
[PlyCount "68"]
[EventDate "2006.09.23"]
[EventType "team"]
[EventRounds "9"]
[EventCountry "GER"]
[SourceTitle "EXT 2008"]
[Source "ChessBase"]
[SourceDate "2007.11.25"]
[SourceVersion "1"]
[SourceVersionDate "2007.11.25"]
[SourceQuality "1"]
[WhiteTeam "Emsdetten Turm III"]
[BlackTeam "Duelmen"]
[WhiteTeamCountry "GER"]
[BlackTeamCountry "GER"]

1. e4 e6 2. Qe2 Be7 3. f4 d5 4. d3 c5 5. Nf3 Nc6 6. g3 Nf6 7. Bg2 0-0 8. 0-0 b6 9. c3 Ba6 10. e5 Ne8 11. Rd1 Rc8 12. Na3 Nc7 13. Rb1 Qd7 14. Nc2 Rfd8 15. Bd2 d4 16. cxd4 Nxd4 17. Nfxd4 cxd4 18. Nb4 Bxb4 19. Bxb4 Nd5 20. Bd6 Ne3 21. Rdc1 Rxc1+ 22. Rxc1 Rc8 23. Rxc8+ Qxc8 24. Be4 Qc1+ 25. Kf2 Qxb2 26. Qxb2 Nd1+ 27. Ke2 Nxb2 28. Bb8 Na4 29. Bxa7 Nc3+ 30. Kd2 Nxa2 31. Bxb6 Nc3 32. Bxd4 Nxe4+ 33. dxe4 g6 34. Ke3 Bc4 1/2-1/2

[Event "NRW Class2 0506"]
[Site "Germany"]
[Date "2006.04.02"]
[Round "8.5"]
[White "Visschedijk, Theo"]
[Black "Zeldin, Leonid"]
[Result "1/2-1/2"]
[WhiteElo "1902"]
[BlackElo "1834"]
[PlyCount "28"]
[EventDate "2005.09.25"]
[EventType "team"]
[EventRounds "9"]
[EventCountry "GER"]
[SourceTitle "EXT 2006"]
[Source "ChessBase"]
[SourceDate "2005.11.24"]
[SourceVersion "1"]
[SourceVersionDate "2005.11.24"]
[SourceQuality "1"]
[WhiteTeam "Emsdetten Turm II"]
[BlackTeam "Bochum 31 II"]
[WhiteTeamCountry "GER"]
[BlackTeamCountry "GER"]

1. e4 c5 2. c3 d5 3. exd5 Qxd5 4. d4 Nf6 5. Nf3 Bg4 6. Be2 cxd4 7. cxd4 e6 8. 0-0 Be7 9. Nc3 Qd8 10. Qa4+ Nbd7 11. d5 0-0 12. dxe6 Bxe6 13. Rd1 Qb6 14. Ne4 Nxe4 1/2-1/2

[Event "Steinfurt Bezirksliga 0506"]
[Site "Germany"]
[Date "2005.12.17"]
[Round "4.2"]
[White "Menz, Robert"]
[Black "Visschedijk, Theo"]
[Result "0-1"]
[WhiteElo "1594"]
[BlackElo "1549"]
[PlyCount "90"]
[EventDate "2005.09.24"]
[EventType "team-tourn"]
[EventRounds "9"]
[EventCountry "GER"]
[SourceTitle "EXT 2006"]
[Source "ChessBase"]
[SourceDate "2005.11.24"]
[SourceVersion "1"]
[SourceVersionDate "2005.11.24"]
[SourceQuality "1"]
[WhiteTeam "Falke Saerbeck III"]
[BlackTeam "Emsdetten Turm III"]
[WhiteTeamCountry "GER"]
[BlackTeamCountry "GER"]

1. d4 d5 2. c4 Nf6 3. Nc3 e6 4. Bg5 Be7 5. e3 0-0 6. Nf3 b6 7. Bd3 Bb7 8. 0-0 Nbd7 9. Rc1 Ne4 10. Bf4 Ndf6 11. Ne5 c5 12. cxd5 Nxc3 13. bxc3 Qxd5 14. f3 Qd8 15. Bb1 Nd5 16. Qd3 g6 17. Bg3 Rc8 18. e4 Nc7 19. Qe3 Nb5 20. Bf2 Na3 21. Bd3 c4 22. Be2 Qe8 23. f4 f6 24. Ng4 h5 25. Nh6+ Kg7 26. f5 g5 27. Ng4 hxg4 28. fxe6 Qg6 29. Bxg4 Qxe4 30. Bf3 Qxe3 31. Bxe3 Bxf3 32. Rxf3 Nb5 33. a4 Nd6 34. d5 Nb7 35. Rd1 Rfd8 36. Bxg5 Nc5 37. Bh4 Nxe6 38. Rg3+ Ng5 39. d6 Bxd6 40. Rxd6 Rxd6 41. Bxg5 fxg5 42. Rxg5+ Kh6 43. Rg3 Rd3 44. Rxd3 cxd3 45. Kf2 Rxc3 0-1

[Event "Muensterland Verbandsklasse-A 0203"]
[Site "Muensterland"]
[Date "2003.04.05"]
[Round "8.4"]
[White "Janz, Stefan"]
[Black "Visschedijk, Theo"]
[Result "1/2-1/2"]
[WhiteElo "1792"]
[BlackElo "1966"]
[PlyCount "95"]
[EventDate "2002.09.28"]
[EventType "team"]
[EventRounds "9"]
[EventCountry "GER"]
[SourceTitle "EXT 2004"]
[Source "ChessBase"]
[SourceDate "2003.11.25"]
[SourceVersion "1"]
[SourceVersionDate "2003.11.25"]
[SourceQuality "1"]
[WhiteTeam "Sendenhorst"]
[BlackTeam "Emsdetten Turm III"]
[WhiteTeamCountry "GER"]
[BlackTeamCountry "GER"]

1. e4 d6 2. d4 Nf6 3. Nc3 Nbd7 4. Nf3 e5 5. dxe5 dxe5 6. Bc4 h6 7. Be3 Be7 8. h3 c6 9. Qd2 Qc7 10. a4 Bb4 11. Qd3 0-0 12. 0-0 Nc5 13. Bxc5 Bxc5 14. Rad1 Re8 15. Nh4 Kh7 16. Qf3 Be6 17. Bxe6 Rxe6 18. Qf5+ Kg8 19. Rd3 Rae8 20. Rg3 Bf8 21. Rd1 Kh8 22. Rgd3 g6 23. Qf3 Kg7 24. R1d2 Rd6 25. Rxd6 Bxd6 26. Nd1 Bc5 27. Ne3 Qa5 28. c3 Qxa4 29. b4 Bxe3 30. Qxe3 a5 31. bxa5 Nxe4 32. Rd7 Nf6 33. Rxb7 Qxh4 34. a6 Qf4 35. Qb6 Nd5 36. Qc5 Qa4 37. a7 Ra8 38. Rb8 Rxa7 39. Qf8+ Kf6 40. Qh8+ Kg5 41. Qxe5+ f5 42. Qg3+ Kf6 43. Qd6+ Kf7 44. Rf8+ Kg7 45. Re8 Rf7 46. Rc8 Qf4 47. Qd8 Qc1+ 48. Kh2 1/2-1/2

[Event "Muensterland Verbandsklasse-A 0203"]
[Site "Muensterland"]
[Date "2002.11.09"]
[Round "2.3"]
[White "Horstmann, Michael"]
[Black "Visschedijk, Theo"]
[Result "0-1"]
[WhiteElo "1791"]
[BlackElo "1966"]
[PlyCount "66"]
[EventDate "2002.09.28"]
[EventType "team"]
[EventRounds "9"]
[EventCountry "GER"]
[SourceTitle "EXT 2004"]
[Source "ChessBase"]
[SourceDate "2003.11.25"]
[SourceVersion "1"]
[SourceVersionDate "2003.11.25"]
[SourceQuality "1"]
[WhiteTeam "Emsdetten Rochade"]
[BlackTeam "Emsdetten Turm III"]
[WhiteTeamCountry "GER"]
[BlackTeamCountry "GER"]

1. c4 e5 2. Nc3 f5 3. d3 Nf6 4. g3 c6 5. Bg2 Bb4 6. Bd2 d6 7. e3 Qe7 8. Nge2 0-0 9. 0-0 Na6 10. a3 Bc5 11. b4 Bb6 12. Na4 Bd8 13. Rb1 Rb8 14. Qc2 Be6 15. b5 cxb5 16. Rxb5 b6 17. Rbb1 Qf7 18. Bb4 Nxb4 19. axb4 b5 20. cxb5 Rxb5 21. Nac3 Rb8 22. Qa4 Bb6 23. Rfc1 Rfc8 24. Qa6 Qh5 25. Re1 Ne8 26. Nd5 Nc7 27. Nxc7 Rxc7 28. Qa4 Rbc8 29. Rbc1 Kf8 30. Qa3 f4 31. exf4 Qxe2 32. Rxe2 Rxc1+ 33. Bf1 Bh3 0-1